| 000 | 00803nam a2200241 a 4500 | ||
|---|---|---|---|
| 001 | BRCA_4530 | ||
| 005 | 20190320204715.0 | ||
| 008 | s1992 d1992----mx-#######---#000-0#spa-u | ||
| 020 | _a9683623603 | ||
| 041 | _aspa | ||
| 044 | _amx | ||
| 050 | 4 |
_aPQ6352 _b.O88 1992 |
|
| 100 | 1 |
_aOsterc, Lúdovik _911477 |
|
| 245 | 1 | 0 |
_aBreve antología crítica del cervantismo _cLúdovik Osterc. |
| 260 |
_aMéxico _bUNAM, Coordinación de Difusión Cultural, Dirección de Literatura _c1992 |
||
| 300 |
_a247 p. _c22 cm. |
||
| 440 | 0 |
_aSerie manatí. poesía-ensayo _911478 |
|
| 504 | _aBibliografía: p. 247 | ||
| 600 | 1 | 4 |
_aCervantes Saavedra, Miguel de _d1547-1616 _tEl Ingenioso Hidalgo Don Quijote de la Mancha _911479 |
| 710 | 2 |
_aUNAM _bDirección de Literatura _911480 |
|
| 902 | _aCERV | ||
| 942 |
_2lcc _cB |
||
| 999 |
_c4236 _d4236 |
||